Les races de Donjons et Dragons - Statistiques

Statistiques générales
  • Ce quiz a été pris 64 fois
  • Le résultat moyen est 11 sur 47
Statistiques - réponses
Par images Réponse % Correct
Humain
91%
Nain
86%
Orc
77%
Gnome
67%
Centaure
58%
Halfelin
58%
Gobelin
56%
Fée
47%
Demi-Elfe
46%
Demi-Orc
46%
Tieffelin
46%
Kobold
42%
Minotaure
37%
Goliath
35%
Dragonborn
32%
Genasi
32%
Tabaxi
30%
Satyre
28%
Aarakocra
26%
Duergar
21%
Changelin
19%
Githyanki
18%
Gnome des profondeurs
18%
Kenku
18%
Triton
16%
Bugbear
11%
Eladrin
11%
Githzerai
11%
Lizardfolk
11%
Aasimar
9%
Firbolg
9%
Shadar-Kai
9%
Yuan-ti
9%
Efle
5%
Harengon
5%
Elfe marin
4%
Tortles
4%
Dragonborn chromatique
2%
Hobegobelin
2%
Dragonborn gemme
0%
Dragonborn metallique
0%
Esprit-Hôte
0%
Geppettin
0%
Mandragore
0%
Métamorphe
0%
Presque-Humain
0%
Souricier
0%
Aucun quiz correspondant
Distribution des résultats
% des personnes avec chaque résultat
Percentile par nombre de réponses
Votre historique - résultats
Vous n’avez pas pris ce quiz